000 00455nam a2200181Ia 4500
001 14080
005 20260306164848.0
008 260306t1999||||xx |||||||||||||| ||spa||
041 _aESP
082 _a006.32
_bH28
100 _aHaykin, Simon S. [1931-...]
_eAUT
245 0 _aNeural Networks:
_ba comprehensive foundation
260 _c1999
300 _axxi, 842 páginas :
_c24 cm.
650 _aGEN
654 _aCCC
942 _cLIB
_dJUS
_fJUS
_2ddc
_n
999 _c14080
_d14080